Statystyki dla Co to za logo?

Kliknij tutaj aby rozwiązać quiz!

Ogólne statystyki

  • Ten quiz został rozwiązany 402 949 razy
    (396 537 od ostatniego zresetowania)
  • Średni wynik to 16 z 20

Statystyki odpowiedzi

Odpowiedź% Poprawnych
Lipton
97%
Adidas
93%
Audi
91%
Red Bull
90%
Youtube
88%
Biedronka
87%
Skype
86%
Visa
85%
McDonald's
84%
FC Barcelona
82%
Skoda
82%
Gerber
76%
Legia Warszawa
76%
Excel
75%
Knorr
74%
Opel
74%
Carrefour
65%
ING
61%
Algida
54%
JetPunk
50%

Rozkład punktacji

Percentyl według liczby udzielonych odpowiedzi

Procent ludzi z każdym wynikiem

Twoja historia wyników

Nie rozwiązałeś tego quizu od ostatniego zresetowania